Obras completas / (Record no. 67985)

MARC details
000 -LEADER
campo de control de longitud fija 01185nam a2200193 i 4500
001 - NÚMERO DE CONTROL
campo de control 67985
003 - IDENTIFICADOR DE NÚMERO DE CONTROL
campo de control ES-MaACL
005 - FECHA Y HORA DE LA ÚLTIMA TRANSACCIÓN
campo de control 20240416102836.0
007 - CAMPO FIJO DE DESCRIPCIÓN FÍSICA--INFORMACIÓN GENERAL
campo de control de longitud fija t|
008 - DATOS DE LONGITUD FIJA--INFORMACIÓN GENERAL
campo de control de longitud fija 040217s1958 sp ||||1| spa d
100 1# - ENTRADA PRINCIPAL--NOMBRE DE PERSONA
Nombre de persona Gallegos, Rómulo.
9 (RLIN) 53598
245 10 - MENCIÓN DEL TÍTULO
Título Obras completas /
Mención de responsabilidad, etc. Rómulo Gallegos ; prólogo de Jesús López Pacheco.
260 ## - PUBLICACIÓN, DISTRIBUCIÓN, ETC.
Lugar de publicación, distribución, etc. [Madrid] :
Nombre del editor, distribuidor, etc. Aguilar,
Fecha de publicación, distribución, etc. [1958] (
Fabricante Orbe)
300 ## - DESCRIPCIÓN FÍSICA
Extensión 2 t. :
Otras características físicas il. ;
Dimensiones 19 cm.
505 8# - NOTA DE CONTENIDO CON FORMATO
Nota de contenido con formato Contiene: T. I: Novelas: Reinaldo solar. La trepadora. Doña Bárbara. Cantaclaro. Cuentos: Sol de antaño. La liberación. Las novias del mendigo. Los aventureros. El apoyo. El piano viejo. El milagro del año. Estrellas sobre el barranco. Los mengánez. Una resolución enérgica. El cuarto de enfrente. El crepúsculo del diablo. El parénteis. La ciudad muerta. Pataruco. Pegijal. La hora menguada. Marina. Paz en las alturas. Un místico. La fruta del cercado ajeno. El maestro. La rebelión. Los emigrantes. -- T. II: Canaima. Pobre negro. El forastero. Sobre la misma tierra. La brizna de paja en el viento
700 1# - ENTRADA AGREGADA--NOMBRE PERSONAL
Nombre de persona López Pacheco, Jesús,
Fechas asociadas al nombre 1930-1997
9 (RLIN) 73855
852 ## - LOCALIZACIÓN
Ubicación ES-MaACL
Número de control de estantería C-15548-9
Sublocalización o colección R.43050
Holdings
Estatus retirado Estado de pérdida Estado de daño No para préstamo Biblioteca de origen Biblioteca actual Ubicación en estantería Fecha de adquisición Fuente de adquisición Total de préstamos Signatura topográfica completa Código de barras Visto por última vez Precio de reemplazo Tipo de ítem Koha
        Biblioteca del Ateneo de Madrid Biblioteca del Ateneo de Madrid Ficheros 17/01/2008     C-15548-9 1071177 23/02/2023 23/02/2023 Libro impreso